| 000 | 00667nam a2200277Ia 4500 | ||
|---|---|---|---|
| 008 | 180803s9999 xx 000 0 und d | ||
| 020 | _a9780516262574 | ||
| 050 | _bF785 1997 | ||
| 100 | _aFowler, Allan | ||
| 245 | 0 | _aIcebergs, ice caps, and glaciers / | |
| 245 | 0 | _cby Allan Fowler. | |
| 260 | _aBroadway, New York : | ||
| 260 | _bScholastic, | ||
| 260 | _c1997 | ||
| 300 | _a31 pages : | ||
| 300 | _bcolored ; | ||
| 300 | _c17cm. | ||
| 440 | _aRookie read-about science. | ||
| 500 | _a760 | ||
| 650 | _aEarth science -- | ||
| 650 | _aIce lands. | ||
| 650 | _aIce shelves. | ||
| 650 | _xGeography. | ||
| 700 | _aSeries. | ||
| 700 | _aTitle. | ||
| 999 |
_c358258 _d358258 |
||